Microeconomía y conducta

Salvato in:
Dettagli Bibliografici
Autore principale: Frank, Robert H (autor)
Altri autori: Rabasco Espáriz, Esther (traductora), Toharia Cortés, Luis (traductor)
Natura: Libro
Lingua:inglese
spagnolo
Pubblicazione: Madrid, España McGraw-Hill/Interamericana de España S.A.U. 2001
Edizione:Cuarta edición
Soggetti:
Tags: Aggiungi Tag
Nessun Tag, puoi essere il primo ad aggiungerne!!

MARC

LEADER 00000nam a22000007a 4500
003 CL-VaPUC
005 20210825102852.0
008 210629b ||||| |||| 00| 0 eng d
999 |c 433265  |d 433263 
020 |a 8448130375 
040 |c Pontificia Universidad Católica de Valparaíso 
041 0 |a spa 
082 0 4 |2 21  |a 338.5 FRA 2001 
100 1 |a Frank, Robert H  |e autor  |9 861938 
245 1 |a Microeconomía y conducta 
250 |a Cuarta edición 
260 3 |a Madrid, España  |b McGraw-Hill/Interamericana de España S.A.U.  |c 2001 
300 |a 595 páginas 
500 |a Donación familia profesor Sergio Soto Silva. Escuela de Mecánica. 
583 |c 20210629  |k Daniel Castañeda 
650 0 0 |a Microeconomía  |v Consumidores  |x Toma de decisiones  |9 861939 
650 0 0 |a Microeconomía  |v Oferta y demanda  |9 861940 
700 1 |a Rabasco Espáriz, Esther  |e traductora  |9 861941 
700 1 |a Toharia Cortés, Luis  |e traductor  |9 861942 
942 |2 ddc  |c BK 
952 |0 0  |1 0  |2 ddc  |4 0  |6 338_500000000000000_FRA_2001  |7 0  |9 578329  |a BIBMEC  |b BIBMEC  |d 2021-06-29  |i 5622506  |o 338.5 FRA 2001  |p 5622506  |r 2024-01-19  |t 1  |w 2021-06-29  |y BK  |k MEC